000 00462nam a22001817a 4500
003 OSt
005 20260217130040.0
008 260217b |||||||| |||| 00| 0 eng d
020 _a9781788166751
082 _a948.022
_bBARE
100 _aBarraclough, Eleanor
245 _aEmbers of the hands-hidden histories of the viking age
260 _aLondon
_bProfile Books Ltd
_c2025
300 _a373
546 _aEnglish
650 _aHistory
942 _2ddc
_cBK
999 _c3943
_d3943